[Event "Charleroi op"]
[Site "Charleroi"]
[Date "2018.08.03"]
[Round "8"]
[White "Callier, Christophe"]
[Black "De Herdt, Yasseen"]
[Result "1-0"]
[WhiteElo "1970"]
[BlackElo "2146"]
[PlyCount "49"]
[EventDate "2018.07.28"]
[EventType "swiss"]
[EventRounds "9"]
[EventCountry "BEL"]
[SourceTitle "CBM 185 Extra"]
[Source "ChessBase"]
[SourceDate "2018.07.29"]
[SourceVersion "1"]
[SourceVersionDate "2018.07.29"]
[SourceQuality "1"]

1. e4 c5 2. Nf3 d6 3. d4 cxd4 4. Nxd4 Nf6 5. Nc3 Nc6 6. Bc4 e6 7. Be3 Be7 8. Qe2 a6 9. 0-0-0 Qc7 10. Bb3 Na5 11. g4 b5 12. g5 Nxb3+ 13. axb3 Nd7 14. Nf5 exf5 15. Nd5 Qd8 16. exf5 f6 17. gxf6 Nxf6 18. Bb6 Qd7 19. Nxf6+ gxf6 20. Qh5+ Kf8 21. Be3 h6 22. Bxh6+ Rxh6 23. Qxh6+ Ke8 24. Qh8+ Bf8 25. Rde1+ 1-0

[Event "Charleroi op"]
[Site "Charleroi"]
[Date "2018.07.30"]
[Round "4"]
[White "De Herdt, Yasseen"]
[Black "Russian, Carlo"]
[Result "1/2-1/2"]
[WhiteElo "2146"]
[BlackElo "1992"]
[PlyCount "48"]
[EventDate "2018.07.28"]
[EventType "swiss"]
[EventRounds "9"]
[EventCountry "BEL"]
[SourceTitle "CBM 185 Extra"]
[Source "ChessBase"]
[SourceDate "2018.07.29"]
[SourceVersion "1"]
[SourceVersionDate "2018.07.29"]
[SourceQuality "1"]

1. b3 e5 2. Bb2 Nc6 3. e3 Nf6 4. Bb5 e4 5. f3 d5 6. Nc3 Bd6 7. Qe2 Qe7 8. 0-0-0 Bd7 9. g4 exf3 10. Nxf3 Bxg4 11. Rdg1 Bh5 12. Rxg7 Bg6 13. Bxc6+ bxc6 14. Qa6 Qd7 15. Na4 Be7 16. Nc5 Qd8 17. Nb7 Qc8 18. Bxf6 Bxf6 19. Qxc6+ Ke7 20. Qc5+ Ke6 21. Qc6+ Ke7 22. Qc5+ Ke6 23. Nd4+ Bxd4 24. Qc6+ Ke5 1/2-1/2

[Event "Charleroi op"]
[Site "Charleroi"]
[Date "2016.08.05"]
[Round "8"]
[White "De Herdt, Yasseen"]
[Black "Lacroix, Bruno"]
[Result "1/2-1/2"]
[WhiteElo "2031"]
[BlackElo "2169"]
[PlyCount "84"]
[EventDate "2016.07.30"]
[EventType "swiss"]
[EventRounds "9"]
[EventCountry "BEL"]
[SourceTitle "CBM 173 Extra"]
[Source "ChessBase"]
[SourceDate "2016.08.29"]
[SourceVersion "1"]
[SourceVersionDate "2016.08.29"]
[SourceQuality "1"]

1. e4 Nc6 2. Nf3 Nf6 3. e5 Ng4 4. d4 d6 5. exd6 Qxd6 6. c4 Bf5 7. h3 Nf6 8. a3 e6 9. Be3 Be7 10. Be2 0-0 11. b4 a6 12. 0-0 Ne4 13. Qb3 Bf6 14. Rd1 Rfd8 15. Ra2 Qe7 16. b5 Na5 17. Qb4 axb5 18. Qxb5 Nd6 19. Qb4 Ndxc4 20. Qxe7 Bxe7 21. Bf4 Bd6 22. Bxd6 Rxd6 23. Nc3 c6 24. a4 Rad8 25. Rc1 Nb3 26. Re1 Nca5 27. Bd1 Nxd4 28. Re5 Nxf3+ 29. Bxf3 Nc4 30. Rc5 Nd2 31. Be2 f6 32. a5 Kf8 33. Rb2 R8d7 34. f3 e5 35. Kf2 Be6 36. Na4 Nb3 37. Rc3 Nxa5 38. Nb6 Rd8 39. Ra3 Nb3 40. Raxb3 Bxb3 41. Rxb3 Rd4 42. Ke3 Ke7 1/2-1/2

[Event "Charleroi op"]
[Site "Charleroi"]
[Date "2016.08.02"]
[Round "5"]
[White "Thirion, Marcel"]
[Black "De Herdt, Yasseen"]
[Result "1/2-1/2"]
[WhiteElo "2125"]
[BlackElo "2031"]
[PlyCount "94"]
[EventDate "2016.07.30"]
[EventType "swiss"]
[EventRounds "9"]
[EventCountry "BEL"]
[SourceTitle "CBM 173 Extra"]
[Source "ChessBase"]
[SourceDate "2016.08.29"]
[SourceVersion "1"]
[SourceVersionDate "2016.08.29"]
[SourceQuality "1"]

1. d4 Nf6 2. c4 e6 3. Nc3 Bb4 4. e3 b6 5. Nge2 Ba6 6. Ng3 h5 7. h4 c5 8. Be2 Nc6 9. a3 Ba5 10. Bd2 Rc8 11. dxc5 bxc5 12. Nce4 Nxe4 13. Nxe4 d5 14. Bxa5 Qxa5+ 15. b4 Qc7 16. Nxc5 Bxc4 17. Bxc4 dxc4 18. Qa4 0-0 19. Rd1 a5 20. 0-0 axb4 21. axb4 Nxb4 22. Nxe6 fxe6 23. Qxb4 Qe5 24. Rd4 c3 25. Rc1 c2 26. Qb3 Qf5 27. Rf4 Qg6 28. Rc4 Rxc4 29. Qxc4 Rd8 30. Rxc2 Rd1+ 31. Kh2 Qf6 32. Ra2 Qe5+ 33. Qf4 Qxf4+ 34. exf4 Kf7 35. Ra3 Rd5 36. Re3 Kf6 37. Kg3 Ra5 38. Kh3 Ra4 39. g3 Rb4 40. Re5 g6 41. Kg2 Rb2 42. Kf3 Rb3+ 43. Re3 Rb2 44. Rc3 Ra2 45. Ke3 Rb2 46. Rd3 Ra2 47. Rd2 Ra4 1/2-1/2

[Event "Terre degli Elimi op 6th"]
[Site "Erice"]
[Date "2015.08.04"]
[Round "9"]
[White "Matsenko, Andrei"]
[Black "De Herdt, Yasseen"]
[Result "1-0"]
[WhiteElo "2308"]
[BlackElo "2098"]
[PlyCount "81"]
[EventDate "2015.07.28"]
[EventType "swiss"]
[EventRounds "9"]
[EventCountry "ITA"]
[SourceTitle "EXT 2017"]
[Source "ChessBase"]
[SourceDate "2016.10.25"]
[SourceVersion "1"]
[SourceVersionDate "2016.10.25"]
[SourceQuality "1"]

1. e4 c5 2. Nf3 d6 3. d4 cxd4 4. Qxd4 Nc6 5. Bb5 Bd7 6. Bxc6 Bxc6 7. Nc3 Nf6 8. Bg5 e6 9. 0-0-0 Be7 10. Qd3 0-0 11. Nd4 Qc7 12. f4 Rfd8 13. Kb1 d5 14. e5 Ne4 15. Bxe7 Nxc3+ 16. Qxc3 Qxe7 17. g4 Qh4 18. Qf3 Re8 19. g5 Rac8 20. Rdg1 Bd7 21. Rg3 Rc4 22. c3 h5 23. Qe3 Rec8 24. Rh3 Qg4 25. Rg1 Rxd4 26. Rxg4 Re4 27. Rgh4 Rxe3 28. Rxe3 Rc4 29. b3 Rc7 30. Rxh5 Be8 31. Reh3 Kf8 32. Kb2 Ke7 33. Rh7 g6 34. Rd3 Rc5 35. h4 Kf8 36. Rh8+ Ke7 37. h5 gxh5 38. Rxh5 Rc7 39. Rh7 Kf8 40. g6 Kg8 41. Rg3 1-0

[Event "Terre degli Elimi op 6th"]
[Site "Erice"]
[Date "2015.07.30"]
[Round "3"]
[White "Contin, Daniel"]
[Black "De Herdt, Yasseen"]
[Result "0-1"]
[WhiteElo "2296"]
[BlackElo "2098"]
[PlyCount "52"]
[EventDate "2015.07.28"]
[EventType "swiss"]
[EventRounds "9"]
[EventCountry "ITA"]
[SourceTitle "EXT 2017"]
[Source "ChessBase"]
[SourceDate "2016.10.25"]
[SourceVersion "1"]
[SourceVersionDate "2016.10.25"]
[SourceQuality "1"]

1. c4 c6 2. e4 d5 3. exd5 cxd5 4. d4 Nf6 5. Nc3 Nc6 6. Bg5 dxc4 7. d5 Ne5 8. Qd4 Nd3+ 9. Bxd3 cxd3 10. Nf3 e6 11. 0-0-0 Be7 12. Qxd3 Nxd5 13. Bxe7 Qxe7 14. Qb5+ Bd7 15. Qxb7 0-0 16. Nxd5 exd5 17. Rxd5 Rfc8+ 18. Kd2 Rc2+ 19. Kxc2 Ba4+ 20. Qb3 Rc8+ 21. Kd3 Bxb3 22. axb3 Qe6 23. Rd4 Qg6+ 24. Ke3 Re8+ 25. Kd2 Qxg2 26. Re1 Qxf2+ 0-1

[Event "Ghent Taminco op 36th"]
[Site "Ghent"]
[Date "2013.07.21"]
[Round "3"]
[White "Sumets, Andrey"]
[Black "De Herdt, Yasseen"]
[Result "1/2-1/2"]
[WhiteElo "2583"]
[BlackElo "2143"]
[PlyCount "73"]
[EventDate "2013.07.20"]
[EventType "swiss"]
[EventRounds "9"]
[EventCountry "BEL"]
[SourceTitle "CBM 155 Extra"]
[Source "ChessBase"]
[SourceDate "2013.08.26"]
[SourceVersion "1"]
[SourceVersionDate "2013.08.26"]
[SourceQuality "1"]

1. d4 Nf6 2. c4 e6 3. g3 Bb4+ 4. Bd2 Qe7 5. Bg2 Nc6 6. e3 e5 7. d5 Bxd2+ 8. Qxd2 Nb8 9. Ne2 d6 10. Nbc3 a5 11. 0-0 0-0 12. h3 Na6 13. g4 Ne8 14. f4 f5 15. fxe5 Qxe5 16. g5 Nc5 17. Rf4 h6 18. gxh6 g5 19. Rf2 Rf6 20. h4 Rxh6 21. hxg5 Qh2+ 22. Kf1 Rh5 23. Nd4 Qg3 24. Nce2 Qg4 25. Bf3 Qh3+ 26. Rg2 Ne4 27. Bxe4 fxe4 28. Nf4 Qh1+ 29. Ke2 Bg4+ 30. Rxg4 Rh2+ 31. Rg2 Rxg2+ 32. Nxg2 Qxg2+ 33. Kd1 Qf1+ 34. Qe1 Qd3+ 35. Qd2 Qf1+ 36. Qe1 Qd3+ 37. Qd2 1/2-1/2

[Event "BEL-ch op"]
[Site "Antwerp"]
[Date "2013.07.13"]
[Round "8"]
[White "De Herdt, Yasseen"]
[Black "Mollekens, Roeland"]
[Result "0-1"]
[WhiteElo "2143"]
[BlackElo "2045"]
[PlyCount "116"]
[EventDate "2013.07.06"]
[EventType "swiss"]
[EventRounds "9"]
[EventCountry "BEL"]
[SourceTitle "CBM 155 Extra"]
[Source "ChessBase"]
[SourceDate "2013.08.26"]
[SourceVersion "1"]
[SourceVersionDate "2013.08.26"]
[SourceQuality "1"]

1. Nf3 Nf6 2. c4 g6 3. Nc3 c5 4. g3 Bg7 5. d4 cxd4 6. Nxd4 Nc6 7. Bg2 0-0 8. 0-0 Nxd4 9. Qxd4 d6 10. Qd3 Nd7 11. b3 Ne5 12. Qe3 Nc6 13. Bb2 Bf5 14. Rac1 Re8 15. Rfd1 Qc8 16. c5 dxc5 17. Qxc5 Nd4 18. Qxc8 Raxc8 19. Bxb7 Rxc3 20. Bxc3 Nxe2+ 21. Kf1 Nxc3 22. Rd2 Rb8 23. Ba6 Bf6 24. Kg2 g5 25. h3 h5 26. Re1 g4 27. h4 Kg7 28. Re3 Rb6 29. Bc4 a5 30. Rd8 a4 31. bxa4 Nxa4 32. Ra8 Nc3 33. Ra3 Be4+ 34. Kg1 Rb1+ 35. Bf1 Bc6 36. Raxc3 Bxc3 37. Rxc3 Bf3 38. Re3 Bd5 39. Rc3 Bxa2 40. f3 gxf3 41. Kf2 Bd5 42. Bc4 Rb2+ 43. Ke3 Bxc4 44. Rxc4 f2 45. Rc1 Kg6 46. Kf3 Kf5 47. Kg2 e5 48. Rc7 f6 49. Rh7 f1B+ 50. Kxf1 Kg4 51. Rg7+ Kf3 52. Ke1 e4 53. Rf7 Rb6 54. Re7 e3 55. Kd1 Rd6+ 56. Ke1 Ra6 57. Kd1 e2+ 58. Kd2 Rd6+ 0-1

[Event "BEL-ch op"]
[Site "Antwerp"]
[Date "2013.07.12"]
[Round "7"]
[White "Akhayan, Ruben"]
[Black "De Herdt, Yasseen"]
[Result "1-0"]
[WhiteElo "2245"]
[BlackElo "2143"]
[PlyCount "47"]
[EventDate "2013.07.06"]
[EventType "swiss"]
[EventRounds "9"]
[EventCountry "BEL"]
[SourceTitle "CBM 155 Extra"]
[Source "ChessBase"]
[SourceDate "2013.08.26"]
[SourceVersion "1"]
[SourceVersionDate "2013.08.26"]
[SourceQuality "1"]

1. e4 c5 2. Nf3 d6 3. d4 Nf6 4. Nc3 cxd4 5. Nxd4 Nc6 6. Bc4 e6 7. Be3 a6 8. Qe2 Na5 9. Bb3 b5 10. 0-0-0 Qc7 11. g4 Nxb3+ 12. axb3 b4 13. Na4 Be7 14. f3 Nd7 15. Qc4 Qxc4 16. bxc4 Ne5 17. b3 Rb8 18. c5 dxc5 19. Bf4 f6 20. Bxe5 fxe5 21. Nc6 Bg5+ 22. Kb1 Rb7 23. h4 Be3 24. Rd8+ 1-0

[Event "BEL-chT 1213"]
[Site "Belgium"]
[Date "2013.01.13"]
[Round "7.8"]
[White "Ducarmon, Renzo"]
[Black "De Herdt, Yasseen"]
[Result "1/2-1/2"]
[WhiteElo "2035"]
[BlackElo "2070"]
[PlyCount "57"]
[EventDate "2012.09.23"]
[EventType "team-tourn"]
[EventRounds "11"]
[EventCountry "BEL"]
[SourceTitle "EXT 2014"]
[Source "ChessBase"]
[SourceDate "2013.11.20"]
[SourceVersion "1"]
[SourceVersionDate "2013.11.20"]
[SourceQuality "1"]
[WhiteTeam "KGSRL"]
[BlackTeam "Zottegem"]
[WhiteTeamCountry "BEL"]
[BlackTeamCountry "BEL"]

1. e4 c5 2. Nf3 d6 3. d4 cxd4 4. Nxd4 Nf6 5. Nc3 Nc6 6. Bc4 e6 7. 0-0 Be7 8. Be3 0-0 9. Bb3 a6 10. Kh1 Na5 11. f4 Qc7 12. f5 e5 13. Nde2 Nxb3 14. axb3 h6 15. Ng3 b6 16. Nh5 Bb7 17. Nxf6+ Bxf6 18. Qg4 Kh7 19. Rad1 b5 20. Rf2 b4 21. Na4 Bc6 22. Nb6 Rab8 23. Nc4 Rfd8 24. Rfd2 Be7 25. Qh5 Bf8 26. Qh4 Be7 27. Qh5 Bf8 28. Qh4 Be7 29. Qh5 1/2-1/2

[Event "BEL-ch U20 Elite"]
[Site "Bruges"]
[Date "2012.04.12"]
[Round "7"]
[White "Godart, Francois"]
[Black "De Herdt, Yasseen"]
[Result "1-0"]
[WhiteElo "2279"]
[BlackElo "2078"]
[PlyCount "103"]
[EventDate "2012.04.08"]
[EventType "tourn"]
[EventRounds "9"]
[EventCountry "BEL"]
[SourceTitle "CBM 147 Extra"]
[Source "ChessBase"]
[SourceDate "2012.04.24"]
[SourceVersion "1"]
[SourceVersionDate "2012.04.24"]
[SourceQuality "1"]

1. d4 Nf6 2. c4 e6 3. Nc3 Bb4 4. Bg5 c5 5. d5 h6 6. Bh4 d6 7. e3 Bxc3+ 8. bxc3 e5 9. Qc2 Qe7 10. Nf3 0-0 11. Nd2 g5 12. Bg3 Nh5 13. Be2 Nxg3 14. hxg3 Kg7 15. 0-0-0 f5 16. f3 Na6 17. g4 Nc7 18. Nf1 f4 19. Qe4 Qf7 20. Nd2 Rh8 21. exf4 exf4 22. Qd3 Bd7 23. Ne4 Qe7 24. Rde1 Be8 25. Bd1 Bg6 26. Qb1 Rab8 27. Bc2 Rhe8 28. Kd2 Qd8 29. Bd3 b5 30. cxb5 Nxd5 31. c4 Qa5+ 32. Kc2 Nb4+ 33. Kb3 Nc6 34. a3 d5 35. cxd5 c4+ 36. Bxc4 Nd4+ 37. Ka2 Bxe4 38. Qb2 Qb6 39. fxe4 Rbc8 40. Bb3 Re5 41. Rh3 Rce8 42. Rd3 Nxb5 43. Ba4 Qa5 44. Bxb5 Qxe1 45. Bxe8 Qxe4 46. Rb3 Qxd5 47. Bc6 Qe6 48. Bf3 h5 49. gxh5 Kh6 50. Bg4 Qd5 51. Qc2 a5 52. Qg6# 1-0

[Event "BEL-ch U20 Elite"]
[Site "Bruges"]
[Date "2012.04.11"]
[Round "6"]
[White "De Herdt, Yasseen"]
[Black "Verstraeten, Reinaert"]
[Result "1-0"]
[WhiteElo "2078"]
[BlackElo "2163"]
[PlyCount "167"]
[EventDate "2012.04.08"]
[EventType "tourn"]
[EventRounds "9"]
[EventCountry "BEL"]
[SourceTitle "CBM 147 Extra"]
[Source "ChessBase"]
[SourceDate "2012.04.24"]
[SourceVersion "1"]
[SourceVersionDate "2012.04.24"]
[SourceQuality "1"]

1. e4 c5 2. Nf3 e6 3. Nc3 d6 4. d4 cxd4 5. Nxd4 Nc6 6. Be3 Nf6 7. Be2 Be7 8. Qd2 a6 9. 0-0-0 Qc7 10. g4 b5 11. g5 Nd7 12. a3 Bb7 13. f4 Rc8 14. f5 Nc5 15. fxe6 fxe6 16. Bh5+ g6 17. Bg4 Nxd4 18. Bxd4 Nxe4 19. Nxe4 Bxe4 20. c3 Bxh1 21. Bxh8 Qc4 22. Bxe6 Qxe6 23. Rxh1 Qf5 24. h4 Kd7 25. Bd4 Rf8 26. Rd1 d5 27. Be3 Kc6 28. Qd4 Qe4 29. Qa7 Rf3 30. Qxa6+ Kd7 31. Qxb5+ Ke6 32. Re1 Rh3 33. Qa6+ Kf7 34. Bd2 Rh1 35. Rf1+ Kg7 36. Rxh1 Qxh1+ 37. Kc2 Qxh4 38. Qe6 Bxg5 39. Qxd5 Bxd2 40. Qxd2 h5 41. b4 Qc4 42. Kb2 h4 43. a4 Qg4 44. a5 h3 45. a6 Qg2 46. Qxg2 hxg2 47. a7 g1Q 48. a8Q g5 49. b5 g4 50. Qb7+ Kg6 51. Qc6+ Kg7 52. b6 Qf2+ 53. Kb3 g3 54. b7 g2 55. b8Q Qf7+ 56. c4 g1Q 57. Qe5+ Kh7 58. Qce4+ Kg8 59. Qa8+ Qf8 60. Qed5+ Kg7 61. Qab7+ Kh6 62. Qe6+ Qg6 63. Qh1+ Kg7 64. Qa1+ Kh7 65. Qh3+ Qgh6 66. Qa7+ Kh8 67. Qd4+ Kg8 68. Qd5+ Kh8 69. Qc3+ Kh7 70. Qe4+ Kg8 71. Qg3+ Kh8 72. Qge5+ Kg8 73. Q4d5+ Kh7 74. Qd7+ Kg8 75. Qdd5+ Kh7 76. Qb7+ Kg8 77. Ka4 Qg6 78. Qbd5+ Kh7 79. Qh1+ Qgh6 80. Qhe4+ Kg8 81. Kb5 Qd8 82. c5 Qc8 83. Q4d5+ Kh7 84. Qf7+ 1-0

[Event "BEL-ch U20 Elite"]
[Site "Bruges"]
[Date "2012.04.09"]
[Round "2"]
[White "De Herdt, Yasseen"]
[Black "Ghyselen, Wouter"]
[Result "1-0"]
[WhiteElo "2078"]
[BlackElo "2160"]
[PlyCount "51"]
[EventDate "2012.04.08"]
[EventType "tourn"]
[EventRounds "9"]
[EventCountry "BEL"]
[SourceTitle "CBM 147 Extra"]
[Source "ChessBase"]
[SourceDate "2012.04.24"]
[SourceVersion "1"]
[SourceVersionDate "2012.04.24"]
[SourceQuality "1"]

1. e4 c6 2. d4 d5 3. e5 c5 4. dxc5 e6 5. a3 Bxc5 6. Bd3 Nc6 7. Nf3 Nge7 8. b4 Bb6 9. 0-0 Ng6 10. Re1 Bc7 11. Bb2 0-0 12. Nbd2 Bd7 13. g3 a6 14. Qe2 Na7 15. Rac1 Bb5 16. c4 dxc4 17. Nxc4 Bxc4 18. Rxc4 Nc6 19. Bb1 Rc8 20. h4 Qd5 21. Rc5 Qd7 22. Rd1 Qe8 23. Qe4 f5 24. exf6 gxf6 25. h5 f5 26. Qe3 1-0

[Event "Brasschaat op 11th"]
[Site "Brasschaat"]
[Date "2011.08.23"]
[Round "4"]
[White "Leenaerts, Robin"]
[Black "De Herdt, Yasseen"]
[Result "1/2-1/2"]
[WhiteElo "2186"]
[BlackElo "2003"]
[PlyCount "94"]
[EventDate "2011.08.20"]
[EventType "swiss"]
[EventRounds "9"]
[EventCountry "BEL"]
[SourceTitle "CBM 144 Extra"]
[Source "ChessBase"]
[SourceDate "2011.10.28"]
[SourceVersion "1"]
[SourceVersionDate "2011.10.28"]
[SourceQuality "1"]

1. e4 c5 2. Nf3 d6 3. d4 cxd4 4. Nxd4 Nf6 5. Nc3 Nc6 6. g3 Bg4 7. f3 Nxd4 8. fxg4 Nc6 9. g5 Nd7 10. Be2 a6 11. Bf4 b5 12. Rf1 Nde5 13. Qd2 e6 14. a4 b4 15. Nd1 Be7 16. h4 Qb6 17. Ne3 Qc5 18. c3 bxc3 19. Qxc3 Qxc3+ 20. bxc3 Kd7 21. Kd2 Rhc8 22. Rab1 Bd8 23. Nc2 Ke7 24. Be3 Na5 25. Bd4 Nac4+ 26. Bxc4 Rxc4 27. Rb7+ Rc7 28. Rxc7+ Bxc7 29. Ke2 Rb8 30. Nb4 Ra8 31. Rb1 Kd7 32. Rd1 Ke8 33. Rd2 a5 34. Bxe5 axb4 35. Bxg7 Rxa4 36. cxb4 Rxb4 37. Ke3 Rb3+ 38. Rd3 Rb1 39. Ra3 Kd7 40. Kf3 Rb5 41. Bd4 d5 42. exd5 Rxd5 43. Be3 Rd1 44. Ra8 Bd8 45. Ra7+ Ke8 46. Ra4 Rd5 47. Rc4 Rf5+ 1/2-1/2

[Event "Geraardsbergen op 27th"]
[Site "Geraardsbergen"]
[Date "2011.08.13"]
[Round "6"]
[White "De Herdt, Yasseen"]
[Black "Van Mechelen, Jan"]
[Result "1/2-1/2"]
[WhiteElo "2003"]
[BlackElo "2242"]
[PlyCount "32"]
[EventDate "2011.08.11"]
[EventType "swiss"]
[EventRounds "9"]
[EventCountry "BEL"]
[SourceTitle "CBM 144 Extra"]
[Source "ChessBase"]
[SourceDate "2011.10.28"]
[SourceVersion "1"]
[SourceVersionDate "2011.10.28"]
[SourceQuality "1"]

1. e4 e6 2. d4 d5 3. Nc3 Bb4 4. exd5 exd5 5. Bd3 Nc6 6. a3 Bxc3+ 7. bxc3 Nf6 8. Bg5 0-0 9. Ne2 Qd6 10. f3 Na5 11. 0-0 Qc6 12. Qe1 h6 13. Bf4 Nc4 14. Qh4 Nb2 15. Be5 Nxd3 16. cxd3 Ne8 1/2-1/2

[Event "Ghent Taminco op 34th"]
[Site "Ghent"]
[Date "2011.07.18"]
[Round "5"]
[White "De Herdt, Yasseen"]
[Black "Clemens, Adrian HP"]
[Result "0-1"]
[WhiteElo "2003"]
[BlackElo "2233"]
[PlyCount "24"]
[EventDate "2011.07.16"]
[EventType "swiss"]
[EventRounds "9"]
[EventCountry "BEL"]
[SourceTitle "CBM 143 Extra"]
[Source "ChessBase"]
[SourceDate "2011.08.29"]
[SourceVersion "1"]
[SourceVersionDate "2011.08.29"]
[SourceQuality "1"]

1. e4 c5 2. Nf3 e6 3. c4 Nc6 4. Nc3 Nf6 5. d4 cxd4 6. Nxd4 Bb4 7. Ndb5 Nxe4 8. Bf4 Qf6 9. Nc7+ Kd8 10. Nxa8 Qxf4 11. Qc1 Qxf2+ 12. Kd1 Qd4+ 0-1

[Event "Ghent Taminco op 34th"]
[Site "Ghent"]
[Date "2011.07.17"]
[Round "4"]
[White "Sarrau, Jelle"]
[Black "De Herdt, Yasseen"]
[Result "1/2-1/2"]
[WhiteElo "2239"]
[BlackElo "2003"]
[PlyCount "73"]
[EventDate "2011.07.16"]
[EventType "swiss"]
[EventRounds "9"]
[EventCountry "BEL"]
[SourceTitle "CBM 143 Extra"]
[Source "ChessBase"]
[SourceDate "2011.08.29"]
[SourceVersion "1"]
[SourceVersionDate "2011.08.29"]
[SourceQuality "1"]

1. c4 c5 2. b3 b6 3. Nf3 Nf6 4. e3 e6 5. Bb2 Be7 6. Be2 Bb7 7. 0-0 0-0 8. d3 d6 9. Nbd2 Nbd7 10. Re1 Re8 11. Bf1 Rc8 12. Rc1 Qc7 13. a3 Bf8 14. e4 g6 15. d4 cxd4 16. Nxd4 a6 17. b4 Qb8 18. N4f3 Bg7 19. Qb3 d5 20. exd5 exd5 21. Bd4 Rxe1 22. Rxe1 Qd6 23. h3 Ba8 24. Qb2 Nh5 25. cxd5 b5 26. Bxg7 Nxg7 27. Ne4 Qxd5 28. Nf6+ Nxf6 29. Qxf6 Rc6 30. Qf4 Qd6 31. Qh4 Rc3 32. Ng5 h5 33. Ne4 Bxe4 34. Qxe4 Rxa3 35. Rc1 Ra2 36. Qf3 Qe6 37. Qf4 1/2-1/2

[Event "BEL-ch U18/20"]
[Site "Houffalize"]
[Date "2011.04.21"]
[Round "7"]
[White "Desmyter, Thomas"]
[Black "De Herdt, Yasseen"]
[Result "1/2-1/2"]
[WhiteElo "1900"]
[BlackElo "1997"]
[PlyCount "57"]
[EventDate "2011.04.17"]
[EventType "swiss"]
[EventRounds "9"]
[EventCountry "BEL"]
[SourceTitle "EXT 2012"]
[Source "ChessBase"]
[SourceDate "2011.11.24"]
[SourceVersion "1"]
[SourceVersionDate "2011.11.24"]
[SourceQuality "1"]

1. e4 c5 2. Nf3 d6 3. d4 cxd4 4. Nxd4 Nf6 5. Nc3 a6 6. Be2 e5 7. Nb3 Be7 8. Be3 Be6 9. 0-0 0-0 10. f4 exf4 11. Bxf4 Nc6 12. Kh1 Ne8 13. Qe1 Bh4 14. Qd2 Bf6 15. Rad1 Be5 16. Nc1 Bxf4 17. Qxf4 Ne5 18. Nd3 Ng6 19. Qg3 Kh8 20. Bh5 Qe7 21. Bxg6 hxg6 22. Nf4 Kg8 23. Nxe6 Qxe6 24. Nd5 Rc8 25. Qg5 Nf6 26. Rxf6 gxf6 27. Nxf6+ Kg7 28. Nh5+ Kh7 29. Nf6+ 1/2-1/2

[Event "Brasschaat op 10th"]
[Site "Brasschaat"]
[Date "2010.08.20"]
[Round "7"]
[White "Vanderhallen, Nicolas"]
[Black "De Herdt, Yasseen"]
[Result "1/2-1/2"]
[WhiteElo "2214"]
[BlackElo "1974"]
[PlyCount "103"]
[EventDate "2010.08.14"]
[EventType "swiss"]
[EventRounds "9"]
[EventCountry "BEL"]
[SourceTitle "CBM 138 Extra"]
[Source "ChessBase"]
[SourceDate "2010.10.29"]
[SourceVersion "1"]
[SourceVersionDate "2010.10.29"]
[SourceQuality "1"]

1. d4 Nf6 2. c4 e6 3. Nf3 c5 4. d5 b5 5. cxb5 a6 6. Nc3 axb5 7. dxe6 fxe6 8. Nxb5 d5 9. e3 Nc6 10. Be2 Be7 11. 0-0 0-0 12. b3 Ba6 13. Nc3 Bb7 14. Bb5 Qa5 15. Bb2 Rad8 16. Qe2 Ne4 17. Bxc6 Bxc6 18. Nxe4 dxe4 19. Ne5 Bd5 20. Nc4 Qb5 21. Rac1 Rf5 22. Rc2 Rdf8 23. Bc3 Rg5 24. Kh1 Qb8 25. f4 exf3 26. gxf3 Qa8 27. Nd2 Bd6 28. e4 Bc6 29. Rg1 Qd8 30. Nc4 Bf4 31. Bd2 Rh5 32. Bxf4 Rxf4 33. Rg3 Qf6 34. a4 Rfh4 35. Qe3 Kh8 36. Rd2 Rh3 37. Qd3 Be8 38. Rxh3 Rxh3 39. Rf2 Bh5 40. Nd2 g5 41. Qe2 Qd4 42. a5 Rh4 43. Nc4 Rxe4 44. Qxe4 Qxf2 45. Qe5+ Kg8 46. Qxg5+ Kf8 47. Qf6+ Kg8 48. Qxe6+ Kf8 49. Qf5+ Kg7 50. Qg5+ Kf8 51. Qf4+ Bf7 52. Nd2 1/2-1/2

[Event "BEL-ch op"]
[Site "Westerlo"]
[Date "2010.07.06"]
[Round "4"]
[White "Vanderwaeren, Serge"]
[Black "De Herdt, Yasseen"]
[Result "1-0"]
[WhiteElo "2168"]
[BlackElo "1974"]
[PlyCount "93"]
[EventDate "2010.07.03"]
[EventType "swiss"]
[EventRounds "9"]
[EventCountry "BEL"]
[SourceTitle "CBM 137 Extra"]
[Source "ChessBase"]
[SourceDate "2010.09.01"]
[SourceVersion "1"]
[SourceVersionDate "2010.09.01"]
[SourceQuality "1"]

1. Nf3 Nf6 2. c4 e6 3. g3 d5 4. Bg2 Be7 5. 0-0 0-0 6. b3 c5 7. cxd5 exd5 8. d4 Nc6 9. Bb2 Bg4 10. dxc5 Bxc5 11. Nc3 Qd7 12. Rc1 Rac8 13. Na4 Be7 14. Nc5 Bxc5 15. Rxc5 b6 16. Rc1 d4 17. Nxd4 Nxd4 18. Qxd4 Qxd4 19. Bxd4 Bxe2 20. Rfe1 Rxc1 21. Rxc1 Rd8 22. f3 Ne8 23. Kf2 Rxd4 24. Kxe2 Kf8 25. Bh3 Ke7 26. Ke3 Rd6 27. Bf1 Re6+ 28. Kf2 Rd6 29. Rc2 Kd8 30. Ba6 Nc7 31. Bc4 Ne6 32. Ke3 Ke7 33. f4 Rc6 34. Re2 Kf6 35. Rd2 Ke7 36. h4 Nc7 37. g4 b5 38. Bd3 h6 39. g5 a6 40. Bf5 Ne6 41. Rc2 Rxc2 42. Bxc2 f6 43. gxh6 gxh6 44. b4 Nc7 45. Bb3 Kd6 46. Ke4 Ne6 47. Kf5 1-0

[Event "Brasschaat op 09th"]
[Site "Brasschaat"]
[Date "2009.08.22"]
[Round "8"]
[White "Ducarmon, Quinten"]
[Black "De Herdt, Yasseen"]
[Result "1-0"]
[WhiteElo "2201"]
[BlackElo "1941"]
[PlyCount "59"]
[EventDate "2009.08.15"]
[EventType "swiss"]
[EventRounds "9"]
[EventCountry "BEL"]
[SourceTitle "CBM 131 Extra"]
[Source "ChessBase"]
[SourceDate "2009.09.03"]
[SourceVersion "2"]
[SourceVersionDate "2009.09.16"]
[SourceQuality "1"]

1. e4 c5 2. Nf3 d6 3. d4 cxd4 4. Nxd4 Nf6 5. Nc3 a6 6. Bg5 e6 7. f4 Be7 8. Qf3 Qc7 9. 0-0-0 Nbd7 10. g4 b5 11. Bxf6 Nxf6 12. g5 Nd7 13. f5 Nc5 14. f6 gxf6 15. gxf6 Bf8 16. Rg1 h5 17. Re1 Bb7 18. Bh3 0-0-0 19. Nd5 Qa5 20. a3 Bh6+ 21. Kb1 Qd2 22. Rd1 Qxh2 23. Ne7+ Kc7 24. Rg7 Qe5 25. Rxf7 Kb6 26. Ng6 Bxe4 27. Nxe5 dxe5 28. Qf2 Bg6 29. Re7 exd4 30. Rxd4 1-0

[Event "Brasschaat op 09th"]
[Site "Brasschaat"]
[Date "2009.08.20"]
[Round "6"]
[White "Schuermans, Robert"]
[Black "De Herdt, Yasseen"]
[Result "0-1"]
[WhiteElo "2088"]
[BlackElo "1941"]
[PlyCount "72"]
[EventDate "2009.08.15"]
[EventType "swiss"]
[EventRounds "9"]
[EventCountry "BEL"]
[SourceTitle "CBM 131 Extra"]
[Source "ChessBase"]
[SourceDate "2009.09.03"]
[SourceVersion "2"]
[SourceVersionDate "2009.09.16"]
[SourceQuality "1"]

1. e4 c5 2. Nf3 d6 3. d4 cxd4 4. Nxd4 Nf6 5. Nc3 a6 6. Bg5 e6 7. f4 Be7 8. Qf3 Qc7 9. 0-0-0 Nbd7 10. g4 b5 11. Bxf6 Nxf6 12. g5 Nd7 13. f5 Nc5 14. f6 gxf6 15. gxf6 Bf8 16. Rg1 h5 17. Rg7 b4 18. Nd5 exd5 19. exd5 Nd7 20. Nc6 Bb7 21. Bh3 Bxc6 22. dxc6 Ne5 23. Bd7+ Kd8 24. Re1 Qa5 25. c7+ Kxd7 26. Qf5+ Kxc7 27. Rxf7+ Kb6 28. Re7 Bxe7 29. fxe7 b3 30. Rd1 Nc4 31. Qf4 Qc5 32. Rd4 bxa2 33. Rxc4 a1Q+ 34. Kd2 Qaa5+ 35. b4 Qd5+ 36. Rd4 Qxb4+ 0-1